Продолжение Тысячи и одной ночи, сказок арабских, привезенных во Францию доном Денисом Шавис, урожденным арабом, которыя и напечатаны на французском языке в 1789 году // Т.1 (Запись № 9706023)

Подробности
000 -МАРКЕР
контрольное поле 01534nam1a22003851 4500
001 - ИДЕНТИФИКАТОР ЗАПИСИ
контрольное поле RU\NLR\A1\29596
005 - ИДЕНТИФИКАТОР ВЕРСИИ
контрольное поле 20251203152403.2
035 ## - ДРУГИЕ СИСТЕМНЫЕ НОМЕРА
Идентификатор записи (NLR Aleph) 009682132
100 ## - ДАННЫЕ ОБЩЕЙ ОБРАБОТКИ
Данные общей обработки 20011115d1791 u y0rusy50 ca
101 1# - ЯЗЫК РЕСУРСА
Язык текста, звукозаписи и т.д. русский
Язык оригинала французский
102 ## - СТРАНА ПУБЛИКАЦИИ ИЛИ ПРОИЗВОДСТВА
Страна публикации Российская Федерация
200 1# - ЗАГЛАВИЕ И СВЕДЕНИЯ ОБ ОТВЕТСТВЕННОСТИ
Основное заглавие Продолжение Тысячи и одной ночи, сказок арабских, привезенных во Францию доном Денисом Шавис, урожденным арабом, которыя и напечатаны на французском языке в 1789 году
210 ## - ПУБЛИКАЦИЯ, РАСПРОСТРАНЕНИЕ И ДР.
Место издания, распространения и т.д. СПб.
Имя издателя, распространителя и т. д. Иждивением И.К.Шнора
Дата издания, распространения и т.д. 1791
215 ## - ФИЗИЧЕСКАЯ ХАРАКТЕРИСТИКА
Размеры
305 ## - ПРИМЕЧАНИЯ О ДАТЕ ОСНОВАНИЯ ИЗДАНИЯ
Текст примечания В др. пер. изд. в Москве в 1794 г.
321 1# - ПРИМЕЧАНИЯ ОБ ОТДЕЛЬНО ИЗДАННЫХ УКАЗАТЕЛЯХ / РЕФЕРАТАХ / ССЫЛКАХ, ОТРАЖАЮЩИХ КАТАЛОГИЗИРУЕМЫЙ ДОКУМЕНТ
Примечания об указателях, рефератах, ссылках СК XVIII 5697
463 #0 - УРОВЕНЬ ФИЗИЧЕСКОЙ ЕДИНИЦЫ
Встроенное поле 001RU\NLR\A1\29597
Системный номер (АБИС) связанной записи 13476046
Физическая характеристика 185 с.
Заглавие Т.1
463 #0 - УРОВЕНЬ ФИЗИЧЕСКОЙ ЕДИНИЦЫ
Встроенное поле 001RU\NLR\A1\29598
Системный номер (АБИС) связанной записи 13476047
Физическая характеристика 189 с.
Заглавие Т.2
620 ## - МЕСТО И ДАТА ПУБЛИКАЦИИ, ИСПОЛНЕНИЯ И Т. Д.
Город Санкт-Петербург
702 #1 - ИМЯ ЛИЦА - ВТОРИЧНАЯ ОТВЕТСТВЕННОСТЬ
Связь между полями z01702
-- z02790
Начальный элемент ввода Шави
Часть имени, кроме начального элемента ввода Д.
Расширение инициалов личного имени Дени
Код отношения Прочие
702 #1 - ИМЯ ЛИЦА - ВТОРИЧНАЯ ОТВЕТСТВЕННОСТЬ
Связь между полями z01702
Начальный элемент ввода Chavis
Часть имени, кроме начального элемента ввода D.
Расширение инициалов личного имени Denis
Графика поля Латинская
702 #1 - ИМЯ ЛИЦА - ВТОРИЧНАЯ ОТВЕТСТВЕННОСТЬ
Связь между полями z03702
Начальный элемент ввода Шнор
Часть имени, кроме начального элемента ввода И.К.
Даты 1738-1812
Расширение инициалов личного имени Иоганн Карл
Код отношения Печатник (типограф)
-- Заказчик, капиталовкладчик
702 #1 - ИМЯ ЛИЦА - ВТОРИЧНАЯ ОТВЕТСТВЕННОСТЬ
Связь между полями z03702
Начальный элемент ввода Schnoor
Часть имени, кроме начального элемента ввода J.K.
Расширение инициалов личного имени Johann Karl
Графика поля Латинская
712 00 - НАИМЕНОВАНИЕ ОРГАНИЗАЦИИ - ВТОРИЧНАЯ ОТВЕТСТВЕННОСТЬ
Начальный элемент ввода Шнор
Инверсированный элемент И.К.
Часть наименования, отличная от начального элемента ввода и от инверсированного элемента Типография
Идентифицирующий признак Санкт-Петербург
Код отношения Печатник (типограф)
790 #1 - ИМЯ ЛИЦА - АЛЬТЕРНАТИВНАЯ ФОРМА
Связь между полями z02702
Начальный элемент ввода Шавис
Расширение инициалов личного имени Денис
Код отношения Прочие
801 #0 - ИСТОЧНИК ЗАПИСИ
Страна Российская Федерация
Организация NLR
Дата составления 20011115
899 ## - ДАННЫЕ О МЕСТОНАХОЖДЕНИИ (устаревшее)
Местонахождение БАН
899 ## - ДАННЫЕ О МЕСТОНАХОЖДЕНИИ (устаревшее)
Местонахождение ГПИБ
899 ## - ДАННЫЕ О МЕСТОНАХОЖДЕНИИ (устаревшее)
Местонахождение БАН
899 ## - ДАННЫЕ О МЕСТОНАХОЖДЕНИИ (устаревшее)
Местонахождение ГПИБ
942 ## - ДОПОЛНИТЕЛЬНЫЕ ЭЛЕМЕНТЫ ЗАПИСИ (АБИС)
Тип экземпляра АБИС Книга
980 ## - КОЛЛЕКЦИЯ
Название коллекции Национальная библиография
980 ## - КОЛЛЕКЦИЯ
Название коллекции Русская книга гражданской печати XVIII в. в библиотеках РФ

Нет доступных экземпляров.